Normal view
MARC view
Entry Personal Name
001 - CONTROL NUMBER
- control field: 165693
003 - CONTROL NUMBER IDENTIFIER
- control field: OSt
005 - DATE AND TIME OF LATEST TRANSACTION
- control field: 20220923221852.0
008 - FIXED-LENGTH DATA ELEMENTS
- fixed length control field: 220923|| aca||aabn | a|a d
040 ## - CATALOGING SOURCE
- Original cataloging agency: OSt
- Transcribing agency: OSt
100 ## - HEADING--PERSONAL NAME
- Personal name: गांधी, मोहनदास कर्मचन्द
670 ## - SOURCE DATA FOUND
- Source citation: Work cat.: (OSt)352333: गांधी, मोहनदास कर्मचन्द, धर्म निति गांधी जी की निति धर्म सर्वोदय मंगल प्रभात और आश्रम वासियों से नामक पुस्तको तथा नीतिमय जीवन संबंधी स्फुूटु लेखों का संग्रह
